000 00630nam a22002177a 4500
003 UA-OsUOA
001 62509
007 ta
008 20090901b un ||||| |||| 00| 0 ukr d
090 _a930.25(477.63)
_bГ72
942 _cBK
040 _aUA-OsUOA
_brus
_cUA-OsUOA
_dUA-OsUOA
245 _aГосударственный архив Днепропетровской области
_bПутеводитель
300 _a297 с.
955 _a2
041 _arus
080 _a930.25(477.63)
260 _aК.
_c1978
650 7 _a930.25 Архівознавство. Архівна справа
_2UDC
999 _c348598
_d348598